Choose The Only Five Quiz Stats

 Plays Quiz Updated Feb 16, 2016

Challenge
Share
Tweet
Embed
Score 0/50 Timer 05:00
8 Plays Today
% Correct
ExxonMobil
90.5%
Michael
89%
Magellan
88.6%
Louvre
88.4%
Shell
88.1%
Harvard
87.2%
Yale
86.8%
Princeton
86.7%
Jermaine
86.2%
Chevron
84.5%
Columbia
83.7%
Claudius
83.2%
Cornell
82.4%
Jackie
81.8%
Polo
81.7%
Tito
81.1%
Nepal
80.7%
Nero
80.5%
Tate Modern
79.5%
Rijksmuseum
78.9%
Argo
78.8%
Marlon
78.1%
Titus
77.3%
Cook
77.2%
Argentina
76.4%
% Correct
Brazil
75.4%
Niger
74.6%
Cocktail
74.5%
Chile
74.1%
Collateral
73.9%
Amadeus
72.6%
Chad
72.5%
Chicago
72.5%
Petronas
69.9%
d'Orsay
69.2%
Oblivion
68.4%
Gandhi
68.1%
Crash
65.8%
Australia
64.3%
Laos
63.6%
Legend
62.8%
Mali
62.3%
Magnolia
61.1%
Gazprom
57.8%
Bering
56.5%
Namibia
56.4%
Otho
55.5%
Prado
54%
Domitian
49.7%
Tasman
44.6%

You're not logged in!

Compare scores with friends on all Sporcle quizzes.
Join for Free
OR
Log In

You Might Also Like...

Show Comments

Extras

Top Quizzes Today


Score Distribution

Your Account Isn't Verified!

In order to create a playlist on Sporcle, you need to verify the email address you used during registration. Go to your Sporcle Settings to finish the process.

Report this User

Report this user for behavior that violates our Community Guidelines.

Details: